Colonial Delhi : (Record no. 102353)

MARC details
000 -LEADER
fixed length control field 01043nam a22002537a 4500
005 - DATE AND TIME OF LATEST TRANSACTION
control field 20180223124340.0
010 ## - LCCN (DPL NO)
LC control number 1617EN ENG-117063 B-663965
020 ## - INTERNATIONAL STANDARD BOOK NUMBER
International Standard Book Number 9788174791672
Terms of availability 995.00
035 ## - SYSTEM CONTROL NUMBER
System control number B-648158-169
035 ## - SYSTEM CONTROL NUMBER
System control number EN-100595
035 ## - SYSTEM CONTROL NUMBER
System control number B-663965
037 ## - SOURCE OF ACQUISITION
Stock number dpl
Source of stock number/acquisition Pansy
037 ## - SOURCE OF ACQUISITION
Source of stock number/acquisition DBAD/PUB
082 ## - DEWEY DECIMAL CLASSIFICATION NUMBER
Classification number 307.12095456
100 ## - MAIN ENTRY--PERSONAL NAME
Personal name Jain, A.K.
245 ## - TITLE STATEMENT
Title Colonial Delhi :
Statement of responsibility, etc by A.K. Jain
Remainder of title imperial and indigenous /
260 ## - PUBLICATION, DISTRIBUTION, ETC. (IMPRINT)
Place of publication, distribution, etc New Delhi
Name of publisher, distributor, etc Kaveri Books
Date of publication, distribution, etc 2015
270 ## - ADDRESS
Address 4832/4, Ansari Road, Darya Ganj,
City New Delhi
Postal code 110002
300 ## - PHYSICAL DESCRIPTION
Extent 248p. :
Dimensions 25cm(Hb)
Other physical details ill.
500 ## - GENERAL NOTE
General note Includes bibliographical references and index
942 ## - ADDED ENTRY ELEMENTS (KOHA)
Source of classification or shelving scheme Dewey Decimal Classification
Item type English Books
Call number suffix JAI
Classification part 307.12095456
Holdings
Withdrawn status Lost status Not for loan Collection code Home library Current library Date acquired Source of acquisition Cost, normal purchase price Full call number Barcode Copy number Cost, replacement price Koha item type
      Non-fiction Ashok Vihar Ashok Vihar 23/02/2018 PANSY/BL1621/23.02.17/464/15.02.15/02.03.2017 995.00 307.12095456 JAI B-663965 1 995.00 English Books
    Not For Loan Non-fiction D.B.Act.Division Bawana 13/01/2017 DBAD/PUB 995.00 307.12095456 JAI EN-100595 1 995.00 English Books
      Non-fiction Bawana Bawana 23/02/2017 BPPD/EN/2016-17/298/24.11.2016/1606/28.11.2016/2.1.2017 995.00 307.12095456 JAI B-648167 1 995.00 English Books
      Non-fiction Central Library Central Library 23/02/2017 BPPD/EN/2016-17/298/24.11.2016/1606/28.11.2016/2.1.2017 995.00 307.12095456 JAI B-648158 1 995.00 English Books
    Not For Loan Reference Central Library Central Library 23/02/2017 BPPD/EN/2016-17/298/24.11.2016/1606/28.11.2016/2.1.2017 995.00 307.12095456 JAI B-648159 1 995.00 English Books
      Non-fiction Janak Puri Janak Puri 23/02/2017 BPPD/EN/2016-17/298/24.11.2016/1606/28.11.2016/2.1.2017 995.00 307.12095456 JAI B-648163 1 995.00 English Books
      Non-fiction Karol Bagh Karol Bagh 23/02/2017 BPPD/EN/2016-17/298/24.11.2016/1606/28.11.2016/2.1.2017 995.00 307.12095456 JAI B-648165 1 995.00 English Books
      Non-fiction Kasturba Gandhi Marg Kasturba Gandhi Marg 23/02/2017 BPPD/EN/2016-17/298/24.11.2016/1606/28.11.2016/2.1.2017 995.00 307.12095456 JAI B-648162 1 995.00 English Books
      Non-fiction Narela Narela 23/02/2017 BPPD/EN/2016-17/298/24.11.2016/1606/28.11.2016/2.1.2017 995.00 307.12095456 JAI B-648166 1 995.00 English Books
      Non-fiction New Police Line New Police Line 23/02/2017 BPPD/EN/2016-17/298/24.11.2016/1606/28.11.2016/2.1.2017 995.00 307.12095456 JAI B-648160 1 995.00 English Books
      Non-fiction Patel Nagar Patel Nagar 23/02/2017 BPPD/EN/2016-17/298/24.11.2016/1606/28.11.2016/2.1.2017 995.00 307.12095456 JAI B-648161 1 995.00 English Books
      Non-fiction Sarojini Nagar Sarojini Nagar 23/02/2017 BPPD/EN/2016-17/298/24.11.2016/1606/28.11.2016/2.1.2017 995.00 307.12095456 JAI B-648164 1 995.00 English Books
      Non-fiction Shahdara Branch Shahdara Branch 23/02/2017 BPPD/EN/2016-17/298/24.11.2016/1606/28.11.2016/2.1.2017 995.00 307.12095456 JAI B-648168 1 995.00 English Books
      Non-fiction Yojana Vihar Yojana Vihar 23/02/2017 BPPD/EN/2016-17/298/24.11.2016/1606/28.11.2016/2.1.2017 995.00 307.12095456 JAI B-648169 1 995.00 English Books

© Delhi Public Library
Hit Counter
free hit counter